[Event "Druzynowe Mistrzostwa Polski w Szachach I LIGA 2021"]
[Site "Szklarska Poreba"]
[Date "1899-12-30"]
[Round "2.48"]
[White "Rudnicka, Ewa"]
[Black "Rudzinska, Michalina"]
[Result "0-1"]
[WhiteTitle "WFM"]
[BlackTitle "WFM"]
[WhiteElo "2147"]
[BlackElo "2222"]

1. d4 Nf6 2. Bf4 e6 3. e3 c5 4. c3 Qb6 5. Qb3 Nc6 6. Nd2 d5 7. Qxb6 axb6 8. Bc7
Nd7 9. Bb5 Be7 10. Ne2 Bd8 11. Bd6 Na7 12. Bd3 c4 13. Bc2 Nc6 14. O-O Be7 15.
Bc7 b5 16. a3 Nf6 17. h3 Kd7 18. Bh2 Bd6 19. Bxd6 Kxd6 20. f4 Ne7 21. g4 b6 22.
Ng3 h5 23. g5 Ne8 24. e4 dxe4 25. Bxe4 Ra7 26. h4 Kc7 27. Bf3 Nd6 28. Nxh5 Nef5
29. Kf2 Bb7 30. Bxb7 Rxb7 31. Ng3 Rxh4 32. Ne2 Rh2+ 33. Kf3 Nh4+ 34. Kg4 Rxe2
0-1

[Event "Druzynowe Mistrzostwa Polski w Szachach I LIGA 2021"]
[Site "Szklarska Poreba"]
[Date "1899-12-30"]
[Round "2.49"]
[White "Zylka, Stanislaw"]
[Black "Ustianovich, Nazar"]
[Result "1/2-1/2"]
[WhiteTitle "FM"]
[BlackTitle "FM"]
[WhiteElo "2312"]
[BlackElo "2348"]

1. d4 d5 2. c4 c6 3. Nc3 Nf6 4. Nf3 Qb6 5. g3 Bf5 6. Bg2 e6 7. O-O Nbd7 8. Nh4
Bg6 9. Nxg6 hxg6 10. e4 dxc4 11. d5 e5 12. Qe2 cxd5 13. exd5 Rc8 14. Be3 Qa5 15.
d6 Bxd6 16. Rad1 Bb4 17. g4 Bxc3 18. bxc3 Qc7 19. g5 Ng8 20. Bc1 Ne7 21. Ba3 Nc5
1/2-1/2

[Event "Druzynowe Mistrzostwa Polski w Szachach I LIGA 2021"]
[Site "Szklarska Poreba"]
[Date "1899-12-30"]
[Round "2.50"]
[White "Pniaczek, Marek"]
[Black "Nowak, Mikolaj"]
[Result "1/2-1/2"]
[WhiteTitle "CM"]
[BlackTitle "k++"]
[WhiteElo "2314"]
[BlackElo "2310"]

1. e4 e5 2. Nf3 Nc6 3. Bb5 a6 4. Ba4 Nf6 5. O-O Be7 6. Re1 b5 7. Bb3 d6 8. c3 O-O
9. h3 Nd7 10. d4 Bf6 11. a4 Rb8 12. axb5 axb5 13. Be3 Nb6 14. Nbd2 Bd7 15. Qe2
Ne7 16. dxe5 dxe5 17. Nf1 Qc8 18. Ng3 g6 19. Bh6 Re8 20. Ng5 Bxg5 21. Bxg5 Be6
22. Bc2 Nd7 23. Ra7 Nc6 24. Raa1 Nd8 25. h4 f6 26. Be3 Nf7 27. h5 Nd6 28. hxg6
hxg6 29. b3 Ra8 30. f4 exf4 31. Bxf4 Ne5 1/2-1/2

[Event "Druzynowe Mistrzostwa Polski w Szachach I LIGA 2021"]
[Site "Szklarska Poreba"]
[Date "1899-12-30"]
[Round "2.51"]
[White "Tomaszewski, Kacper"]
[Black "Smolka, Marcin"]
[Result "1-0"]
[WhiteTitle "FM"]
[BlackTitle "k"]
[WhiteElo "2302"]
[BlackElo "2210"]

1. d4 d5 2. c4 e6 3. Nc3 Nf6 4. Bf4 dxc4 5. e3 Nd5 6. Bxc4 Nxf4 7. exf4 Bd6 8.
g3 O-O 9. Nf3 b6 10. O-O Bb7 11. Re1 Nc6 12. Ne4 h6 13. Rc1 Ne7 14. a3 a5 15.
Ba2 Qd7 16. Qd3 Bd5 17. Bb1 f5 18. Nc3 Rae8 19. Bc2 c6 20. Bd1 b5 21. Nxd5 Nxd5
22. Bb3 a4 23. Ba2 Rc8 24. Qe2 Rfe8 25. Ne5 Bxe5 26. Qxe5 Kf7 27. Rc5 Qc7 28.
Bxd5 Qxe5 29. fxe5 exd5 30. Rec1 b4 31. Rxc6 bxa3 32. bxa3 Rb8 33. Ra6 Rb2 34.
Rc7+ Re7 35. Rxe7+ Kxe7 36. Rxa4 Kd7 37. Ra5 Ke6 38. Ra6+ Ke7 39. Rd6 Rb5 40.
h4 Ra5 41. h5 Rxa3 42. Rxd5 f4 43. g4 Rd3 44. Kg2 Ke8 45. Rd6 Ke7 46. Rg6 Kf7
47. e6+ Kf8 48. e7+ Kxe7 49. Rxg7+ Kf8 50. Rg6 Rxd4 51. Rxh6 Kg7 52. Rg6+ Kh7
53. Kf3 1-0

[Event "Druzynowe Mistrzostwa Polski w Szachach I LIGA 2021"]
[Site "Szklarska Poreba"]
[Date "1899-12-30"]
[Round "2.52"]
[White "Musial, Tomasz"]
[Black "Koziol, Kamil"]
[Result "1/2-1/2"]
[WhiteTitle "k"]
[BlackTitle "FM"]
[WhiteElo "2096"]
[BlackElo "2276"]

1. d4 d5 2. c4 e6 3. Nf3 Nf6 4. g3 dxc4 5. Bg2 Bb4+ 6. Bd2 a5 7. Qc2 Bxd2+ 8. Qxd2
c6 9. a4 Ne4 10. Qf4 Qb6 11. O-O Qxb2 12. Ne5 O-O 13. Na3 Nc3 14. Qe3 Nxe2+ 15.
Kh1 Nc3 16. Naxc4 Qb4 17. Rfc1 Nd5 18. Bxd5 exd5 19. Nd3 Qxc4 20. Rxc4 dxc4 21.
Nf4 Nd7 22. d5 cxd5 23. Nxd5 Ra6 24. Qd4 Nf6 25. Qxc4 Bd7 26. Kg1 Nxd5 27. Qxd5
Bc6 28. Qb3 Raa8 29. Re1 Rfe8 30. Rxe8+ Rxe8 31. f3 Rd8 32. Kf2 g6 33. Ke3 Rd6
34. h4 Rf6 35. f4 h5 36. Qc3 Rf5 37. Qd4 Rd5 38. Qc4 Kf8 39. Qc3 Ke7 40. Qa3+
Kf6 41. Qc3+ Kf5 42. Kf2 Bxa4 43. Qc8+ Bd7 44. Qxb7 Be6 45. Qb2 Ke4 46. Qc3 Rb5
47. Qc6+ Rd5 48. Qc3 1/2-1/2

[Event "Druzynowe Mistrzostwa Polski w Szachach I LIGA 2021"]
[Site "Szklarska Poreba"]
[Date "1899-12-30"]
[Round "2.53"]
[White "Kucharska, Honorata"]
[Black "Bielczyk, Jacek"]
[Result "1/2-1/2"]
[WhiteTitle "WFM"]
[BlackTitle "IM"]
[WhiteElo "2172"]
[BlackElo "2264"]

1. e4 c5 2. Nf3 Nc6 3. d4 cxd4 4. Nxd4 Nf6 5. Nc3 d6 6. Bg5 Qb6 7. Bxf6 gxf6 8.
Nb3 f5 9. Nd5 Qd8 10. exf5 Bxf5 11. Bd3 Bxd3 12. Qxd3 e6 13. Ne3 Qf6 1/2-1/2

[Event "Druzynowe Mistrzostwa Polski w Szachach I LIGA 2021"]
[Site "Szklarska Poreba"]
[Date "1899-12-30"]
[Round "2.54"]
[White "Murawko, Katarzyna"]
[Black "Kroliczek, Gabriela"]
[Result "1-0"]
[WhiteTitle "WCM"]
[BlackTitle "k"]
[WhiteElo "1974"]
[BlackElo "1889"]

1. e4 e6 2. d4 d5 3. Nc3 Nf6 4. e5 Nfd7 5. f4 c5 6. Nf3 Nc6 7. Be3 Be7 8. Qd2 O-O
9. Nd1 cxd4 10. Nxd4 Nxd4 11. Bxd4 Nc5 12. Nf2 b6 13. O-O-O Bb7 14. g4 Qd7 15.
g5 Rac8 16. Rg1 Qa4 17. Kb1 Ne4 18. Nxe4 dxe4 19. b3 Qa3 20. Bc4 Bc6 21. g6 hxg6
22. Rxg6 Rfd8 23. Qg2 Kf8 24. Rxg7 Ke8 25. Bxe6 Bd5 26. Rg8+ Bf8 27. Bxc8 Rxc8
28. e6 fxe6 29. Bg7 Kf7 30. Bxf8 Rxf8 31. Rg7+ Ke8 32. Qg6+ Kd8 33. Qxe6 1-0

[Event "Druzynowe Mistrzostwa Polski w Szachach I LIGA 2021"]
[Site "Szklarska Poreba"]
[Date "1899-12-30"]
[Round "2.55"]
[White "Stachowiak, Kamil"]
[Black "Psyk, Radoslaw"]
[Result "1/2-1/2"]
[WhiteTitle "IM"]
[BlackTitle "k++"]
[WhiteElo "2470"]
[BlackElo "2400"]

1. d4 d5 2. c4 e6 3. Nc3 Nf6 4. cxd5 exd5 5. Bg5 c6 6. e3 Nbd7 7. Qc2 Bd6 8. Bd3
Nf8 9. Nge2 Ng6 10. Ng3 h6 11. Bxf6 Qxf6 12. Nh5 Qg5 13. Nxg7+ Kf8 14. Nf5 Bxf5
15. Bxf5 Nh4 16. g4 h5 17. h3 Rh6 18. O-O-O Nxf5 19. gxf5 Rf6 20. Rdg1 Qxf5 21.
Qxf5 Rxf5 22. Rg2 Ke7 23. Kd2 Rf6 24. Rhg1 Rf3 25. Rh1 Rf6 1/2-1/2

[Event "Druzynowe Mistrzostwa Polski w Szachach I LIGA 2021"]
[Site "Szklarska Poreba"]
[Date "1899-12-30"]
[Round "2.56"]
[White "Zaskalski, Arkadiusz"]
[Black "Dobrowolski, Piotr"]
[Result "1/2-1/2"]
[WhiteTitle "k"]
[BlackTitle "IM"]
[WhiteElo "2160"]
[BlackElo "2413"]

1. c4 c5 2. Nc3 Nc6 3. g3 Nf6 4. Bg2 e6 5. Nf3 d5 6. cxd5 exd5 7. d4 cxd4 8. Nxd4
Bc5 9. Nxc6 bxc6 10. O-O O-O 11. Na4 Bb6 12. Nxb6 axb6 13. Bg5 h6 14. Bxf6 Qxf6
15. Qd2 Ra4 16. Rfc1 Bd7 17. a3 Re8 18. e3 h5 19. Rc3 d4 20. Rd3 dxe3 21. Rxe3
Rxe3 22. fxe3 Be8 23. Rf1 Qe7 24. Rf4 Rxf4 25. exf4 Qc5+ 26. Qf2 Qc1+ 27. Bf1
c5 28. Qe2 Bd7 29. Kf2 g6 30. Qe5 Qd2+ 31. Be2 Bg4 32. Qe8+ Kg7 33. Qe5+ Kh7 34.
h4 Qc2 35. Kf1 Qc1+ 36. Kg2 Qc2 37. Kf1 Qc1+ 38. Kg2 Bh3+ 39. Kh2 Be6 40. Bf3
Qd2+ 41. Qe2 Qd4 42. Kg2 Bc4 43. Qc2 Bd3 44. Qf2 Qc4 45. Qd2 Bf1+ 46. Kh2 Qe6
47. Bg2 Bxg2 48. Kxg2 Qe4+ 49. Kh2 Qf3 50. Qc2 Qf1 51. Qd2 c4 52. Qd4 b5 53. Qf6
Qf2+ 54. Kh1 Kg8 55. Qc3 Qf1+ 56. Kh2 Qf2+ 57. Kh1 Qf1+ 1/2-1/2

[Event "Druzynowe Mistrzostwa Polski w Szachach I LIGA 2021"]
[Site "Szklarska Poreba"]
[Date "1899-12-30"]
[Round "2.57"]
[White "Ochedzan, Tymon"]
[Black "Markiewicz, Jerzy"]
[Result "1-0"]
[WhiteTitle "FM"]
[BlackTitle "FM"]
[WhiteElo "2300"]
[BlackElo "2197"]

1. e4 c5 2. Nf3 Nc6 3. d4 cxd4 4. Nxd4 Qb6 5. Nb3 Nf6 6. Nc3 e6 7. Bd3 Be7 8. O-O
O-O 9. Be3 Qc7 10. f4 d6 11. Qf3 a6 12. Kh1 Nb4 13. g4 b5 14. g5 Nd7 15. a3 Nxd3
16. cxd3 Bb7 17. Rac1 Qd8 18. Kg1 Rc8 19. Qh5 g6 20. Qg4 Nc5 21. Nxc5 dxc5 22.
Rfd1 Rc7 23. d4 cxd4 24. Bxd4 Rd7 25. Be3 Rxd1+ 26. Rxd1 Qc7 27. Rd3 Qc6 28. Bd4
a5 29. Qh3 Rc8 30. Qxh7+ 1-0

[Event "Druzynowe Mistrzostwa Polski w Szachach I LIGA 2021"]
[Site "Szklarska Poreba"]
[Date "1899-12-30"]
[Round "2.58"]
[White "Augustyn, Sebastian"]
[Black "Luberanski, Jakub"]
[Result "0-1"]
[WhiteTitle "k"]
[BlackTitle "FM"]
[WhiteElo "2147"]
[BlackElo "2188"]

1. d4 Nf6 2. Nc3 d5 3. Bg5 Nbd7 4. Qd3 c5 5. e4 cxd4 6. Bxf6 Nxf6 7. Qxd4 dxe4
8. Qe5 a6 9. Rd1 Bd7 10. Nxe4 Nxe4 11. Qxe4 Qa5+ 12. b4 Qc7 13. Nf3 Qc3+ 14. Rd2
e6 15. a3 Qa1+ 16. Rd1 Qxa3 17. Rxd7 Qxb4+ 18. Qxb4 Bxb4+ 19. Rd2 Ke7 20. Bd3
f5 21. Ke2 Bxd2 22. Nxd2 b5 23. Ra1 Rhb8 24. Nb3 Kd6 25. Ke3 g6 26. f4 Re8 27.
Nd4 e5 28. fxe5+ Rxe5+ 29. Kf4 Ree8 30. h4 Kc5 31. Nb3+ Kb6 32. h5 Re6 33. Nd4
Rd6 34. Ke5 Rad8 35. Nb3 Rc6 36. Kf4 Rcd6 37. Ke5 Rc6 38. Kf4 Rc3 39. Rb1 a5 40.
Nd2 b4 41. hxg6 hxg6 42. Kg5 Rxc2 43. Nc4+ Rxc4 44. Bxc4 Rd4 45. Be2 a4 46. Kxg6
a3 47. Ra1 Rd2 48. Bf3 a2 49. Kxf5 b3 50. Be4 Re2 51. Bd3 Rxg2 52. Kf4 Kc5 53.
Ke3 Kb4 54. Be4 Rg4 55. Bd5 b2 0-1

[Event "Druzynowe Mistrzostwa Polski w Szachach I LIGA 2021"]
[Site "Szklarska Poreba"]
[Date "1899-12-30"]
[Round "2.59"]
[White "Kolasinski, Krzysztof"]
[Black "Mika, Tomasz"]
[Result "0-1"]
[WhiteTitle "k"]
[BlackTitle "I++"]
[WhiteElo "2112"]
[BlackElo "2137"]

1. e4 c6 2. d4 d5 3. Nc3 dxe4 4. Nxe4 Bf5 5. Ng3 Bg6 6. h4 h6 7. Nh3 Nf6 8. Nf4
Bh7 9. Bc4 e6 10. Nfh5 Nbd7 11. c3 Nb6 12. Bb3 Nbd5 13. Qf3 Nxh5 14. Nxh5 a5 15.
a4 Bg6 16. Bc4 Qc7 17. O-O O-O-O 18. Nf4 Bh7 19. Nxd5 exd5 20. Bd3 Bxd3 21. Qxd3
Re8 22. b4 Re4 23. bxa5 Bd6 24. g3 Qxa5 25. Ba3 Bxa3 26. Rxa3 Rhe8 27. Qf3 R8e7
28. Kg2 Qa6 29. Raa1 Kb8 30. a5 Qe2 31. Qf5 Qg4 32. Qxg4 Rxg4 33. Ra2 Rge4 34.
Rb1 Re2 35. Ra3 Rc2 36. Kf3 h5 37. Rab3 Ra2 38. Rb6 Ka7 39. R6b2 Rxa5 40. Kf4
Ra3 41. Kg5 Rxc3 42. Kxh5 Rd3 43. Rb4 b5 44. Ra1+ Kb7 45. Rb2 Rxd4 46. f4 Re3
47. Rba2 Ra4 48. Rxa4 bxa4 49. Rxa4 Rxg3 50. f5 c5 51. f6 gxf6 52. Rf4 d4 53.
Rxf6 d3 54. Rxf7+ Kc6 55. Rf6+ Kd5 56. Rf8 c4 57. Rc8 Kd4 0-1

[Event "Druzynowe Mistrzostwa Polski w Szachach I LIGA 2021"]
[Site "Szklarska Poreba"]
[Date "1899-12-30"]
[Round "2.60"]
[White "Mirowska, Oliwia"]
[Black "Dmochowska, Agnieszka"]
[Result "1/2-1/2"]
[WhiteTitle "k"]
[BlackTitle "WFM"]
[WhiteElo "1778"]
[BlackElo "2091"]

1. c4 e5 2. Nc3 Nf6 3. g3 d5 4. cxd5 Nxd5 5. Bg2 Nb6 6. d3 Be7 7. Nf3 Nc6 8. Bd2
O-O 9. O-O Be6 10. a3 a5 11. Nb5 a4 12. Rc1 f6 13. Be3 Nd5 14. Bc5 Bxc5 15. Rxc5
Na5 16. e4 Ne7 17. Nxc7 Bb3 18. Qd2 b6 19. Rc3 Rc8 20. Rfc1 Qd7 21. Na6 Bf7 22.
Rxc8 Nxc8 23. Qe3 Qb5 24. Nb4 Nb3 25. Rc3 Nd6 26. Bf1 Qd7 27. Qxb6 Nb5 28. Qc6
Qg4 29. Qxb5 Qxf3 30. Nc6 Nd2 31. Rc1 Be6 32. Bg2 Qh5 33. Ne7+ Kh8 34. Qb6 Nb3
35. Re1 Qf7 36. Nc6 Qd7 37. Nb4 Rc8 38. Qe3 Nd4 39. Qd2 Bg4 40. Qe3 h6 41. f3
Be6 42. Qd2 1/2-1/2

[Event "Druzynowe Mistrzostwa Polski w Szachach I LIGA 2021"]
[Site "Szklarska Poreba"]
[Date "1899-12-30"]
[Round "2.61"]
[White "Fus, Jakub"]
[Black "Klimkowski, Jan"]
[Result "1/2-1/2"]
[WhiteTitle "FM"]
[BlackTitle "FM"]
[WhiteElo "2376"]
[BlackElo "2342"]

1. e4 c5 2. Nf3 d6 3. d4 cxd4 4. Qxd4 Nf6 5. Bb5+ Nbd7 6. Bg5 a6 7. Bxd7+ Bxd7
8. Nc3 e6 9. O-O-O h6 10. Bh4 Bc6 11. e5 dxe5 12. Qxe5 Qe7 13. Nd4 Nd7 14. Qh5
g6 15. Bxe7 gxh5 16. Bxf8 Rxf8 17. Nxc6 bxc6 18. Rd6 Rc8 19. Ne4 Ke7 20. Rhd1
Rc7 21. Ng3 Nf6 22. R6d4 Rg8 23. f3 Rg5 24. R1d2 a5 25. Ne4 Nxe4 26. Rxe4 Rd7
27. Rxd7+ Kxd7 28. g3 Rf5 29. f4 f6 30. Kd2 h4 31. g4 Rb5 32. b3 h5 33. Rd4+ Ke7
34. gxh5 Rxh5 35. Ke3 Rh8 36. Kf3 Rg8 37. f5 h3 38. Rc4 exf5 39. Rxc6 Rg2 40.
a3 Rxh2 41. Kg3 Rh1 42. b4 1/2-1/2

[Event "Druzynowe Mistrzostwa Polski w Szachach I LIGA 2021"]
[Site "Szklarska Poreba"]
[Date "1899-12-30"]
[Round "2.62"]
[White "Szadkowski, Kamil"]
[Black "Baum, Jonasz"]
[Result "1/2-1/2"]
[WhiteTitle "FM"]
[BlackTitle "IM"]
[WhiteElo "2338"]
[BlackElo "2254"]

1. e4 c5 2. Nf3 d6 3. d4 cxd4 4. Nxd4 Nf6 5. Nc3 a6 6. Bc4 e6 7. Bb3 Nc6 8. O-O
Be7 9. Be3 Qc7 10. f4 b5 11. f5 Nxd4 12. Bxd4 b4 13. Ba4+ Kf8 14. Bxf6 Bxf6 15.
Ne2 exf5 16. Ng3 Bxb2 17. Rb1 Be5 18. Nxf5 Be6 19. Bb3 Bxb3 20. cxb3 g6 1/2-1/2

[Event "Druzynowe Mistrzostwa Polski w Szachach I LIGA 2021"]
[Site "Szklarska Poreba"]
[Date "1899-12-30"]
[Round "2.63"]
[White "Dalkowski, Rafal"]
[Black "Snihur, Piotr"]
[Result "0-1"]
[WhiteTitle "k"]
[BlackTitle "k+"]
[WhiteElo "2252"]
[BlackElo "2272"]

1. d4 Nf6 2. c4 e6 3. Nf3 Bb4+ 4. Bd2 a5 5. a3 Bxd2+ 6. Nbxd2 d6 7. e4 O-O 8. Bd3
Nc6 9. Qc2 e5 10. d5 Ne7 11. O-O-O c6 12. Kb1 Nd7 13. Nf1 Nc5 14. Ne3 cxd5 15.
cxd5 Bd7 16. Rc1 Rc8 17. Qe2 b5 18. Bxb5 Nxe4 19. Rxc8 Bxc8 20. Nd2 Nc5 21. Ndc4
f5 22. Rd1 f4 23. Nc2 Bf5 24. Ka2 Bg6 25. f3 Bf7 26. b4 axb4 27. axb4 Nb7 28.
Qe4 Qc7 29. N2a3 Rb8 30. Kb2 Nc5 31. bxc5 Qxc5 32. Qc2 Nxd5 33. Kc1 Ne3 34. Qa4
d5 35. Rd2 dxc4 36. Qa5 c3 37. Rd8+ Rxd8 38. Qxd8+ Qf8 39. Qa5 Qc5 40. Qd8+ Qf8
41. Qa5 Bb3 42. Nb1 c2 43. Nd2 Bd5 44. Bd3 Qb8 45. Qc5 Qb7 46. Qd6 Qa7 47. Bxc2
Qa1+ 48. Nb1 Qa5 49. Nd2 Qxd2+ 0-1

[Event "Druzynowe Mistrzostwa Polski w Szachach I LIGA 2021"]
[Site "Szklarska Poreba"]
[Date "1899-12-30"]
[Round "2.64"]
[White "Leskiewicz, Ignacy"]
[Black "Janeczko, Jakub"]
[Result "1/2-1/2"]
[WhiteTitle "k"]
[BlackTitle "I++"]
[WhiteElo "2169"]
[BlackElo "2007"]

1. b3 e5 2. Bb2 Nc6 3. e3 d5 4. Bb5 Bd6 5. f4 Qh4+ 6. g3 Qe7 7. Nf3 Bg4 8. h3 Bxf3
9. Qxf3 Nf6 10. Nc3 e4 11. Qf1 a6 12. Bxc6+ bxc6 13. a4 O-O 14. g4 d4 15. exd4
Nd5 16. Nxd5 cxd5 17. Qf2 Rae8 18. O-O-O f5 19. Qe3 fxg4 20. Rdf1 g5 21. hxg4
gxf4 22. Qh3 e3 23. dxe3 fxe3 24. Re1 Rf2 25. Kb1 Qe4 26. Rc1 e2 27. g5 Bf4 28.
Rce1 Bd2 29. g6 Qxg6 30. Rhg1 Bxe1 31. Rxg6+ hxg6 32. Qd7 Ref8 33. Qxd5+ R8f7
34. Qd8+ Rf8 35. Qd5+ Kh7 36. Qd7+ Kh6 37. Bc1+ g5 38. Qh3+ Kg6 39. Qe6+ R8f6
40. Qg8+ Kf5 41. Qd5+ Kg4 42. Qxg5+ Kh3 43. Qh5+ Kg2 44. Qg4+ Kh2 45. Qh4+ Kg2
46. Qg4+ Kh1 47. Qh4+ Kg1 48. Qg5+ Kf1 49. Qh5 Kg2 50. Qg4+ 1/2-1/2

[Event "Druzynowe Mistrzostwa Polski w Szachach I LIGA 2021"]
[Site "Szklarska Poreba"]
[Date "1899-12-30"]
[Round "2.65"]
[White "Mulawa, Cyprian"]
[Black "Kwiatkowski, Wiktor"]
[Result "0-1"]
[WhiteTitle "I"]
[BlackTitle "I++"]
[WhiteElo "1981"]
[BlackElo "2077"]

1. e4 Nc6 2. Nf3 d6 3. d4 Nf6 4. Nc3 g6 5. h3 Bg7 6. g3 O-O 7. Bg2 e5 8. Be3 exd4
9. Nxd4 Ne5 10. Qe2 Re8 11. O-O c6 12. Rad1 Qe7 13. Rfe1 Be6 14. Nxe6 Qxe6 15.
b3 Ned7 16. Qd2 Bf8 17. f3 Nb6 18. Qf2 Bg7 19. Ne2 c5 20. c4 Rad8 21. Rd2 Nc8
22. Red1 b6 23. Nf4 Qe7 24. Nd5 Nxd5 25. Rxd5 f5 26. Re1 fxe4 27. Bg5 Qxg5 28.
Rxg5 Bd4 29. Re3 exf3 30. Qxf3 Bxe3+ 31. Kh2 Bxg5 32. Qd5+ Kg7 33. Qxg5 Ne7 34.
g4 h6 35. Qd2 Rf8 36. h4 Rf6 37. Qc3 Kf7 38. Qe3 Rh8 39. Kg1 Re6 40. Qc3 Re5 41.
Qd2 Re6 42. Qc3 Rd8 43. Bf3 Re5 44. Kg2 h5 45. Qd2 hxg4 46. Bxg4 Nf5 47. Kh3 Kg7
48. Qg5 Ne7 49. Qd2 d5 50. Qf4 Nc6 51. cxd5 Rdxd5 52. Bf3 Rd4 53. Qg3 Re3 54.
Qc7+ Ne7 55. Kg2 Rd2+ 56. Kg3 Kf6 57. Kf4 Re6 58. Qb8 Rd4+ 59. Kg3 Nf5+ 60. Kf2
Rd2+ 61. Kf1 Re3 62. Qf8+ Ke5 63. Qb8+ Kd4 64. Qh8+ Kd3 65. Qd8+ Kc2 0-1

[Event "Druzynowe Mistrzostwa Polski w Szachach I LIGA 2021"]
[Site "Szklarska Poreba"]
[Date "1899-12-30"]
[Round "2.66"]
[White "Pastuszko, Kinga"]
[Black "Rejniak, Zuzanna"]
[Result "1-0"]
[WhiteTitle "k+"]
[BlackTitle "k"]
[WhiteElo "1984"]
[BlackElo "1810"]

1. e4 c5 2. Nf3 d6 3. d4 cxd4 4. Nxd4 Nf6 5. Nc3 a6 6. Be2 e5 7. Nb3 Be7 8. O-O
O-O 9. Kh1 Be6 10. f4 exf4 11. Bxf4 Nc6 12. Nd4 Ne5 13. Nf5 b5 14. Nxe7+ Qxe7
15. Bg5 Ned7 16. Qd4 Rac8 17. Rad1 Bc4 18. Bxc4 Rxc4 19. Qxd6 Qxd6 20. Rxd6 b4
21. Bxf6 Nxf6 22. Nd5 Nxd5 23. exd5 Rxc2 24. Rxa6 Rxb2 25. Rd1 Rd8 26. h3 Kf8
27. d6 b3 28. axb3 Rxb3 29. Ra7 Rb6 30. Rf1 f6 31. Rc1 Rbxd6 32. Rcc7 g5 33. Rxh7
Kg8 34. Rag7+ Kf8 35. Kg1 Re6 36. Kf2 Re5 37. Kf3 Rd3+ 38. Kg4 Rd4+ 39. Kh5 Rh4+
40. Kg6 Rxh7 41. Rxh7 Re2 42. g4 Re6 43. Rf7+ Ke8 44. Rxf6 Re3 45. Kxg5 Rxh3 46.
Kg6 Rh1 47. g5 Ra1 48. Rf5 Ra6+ 49. Kg7 Ra7+ 50. Kg8 Ra6 51. Re5+ Kd7 52. Kf7
Ra1 53. Rf5 Re1 54. g6 Re7+ 55. Kf6 Ke8 56. Re5 Rxe5 57. Kxe5 Kf8 58. Kf6 Kg8
59. g7 1-0

[Event "Druzynowe Mistrzostwa Polski w Szachach I LIGA 2021"]
[Site "Szklarska Poreba"]
[Date "1899-12-30"]
[Round "2.67"]
[White "Kaczmarek, Aleksander"]
[Black "Niekras, Dawid"]
[Result "1/2-1/2"]
[WhiteTitle "FM"]
[BlackTitle "FM"]
[WhiteElo "2368"]
[BlackElo "2286"]

1. e4 c5 2. Nf3 e6 3. b4 b6 4. bxc5 bxc5 5. Nc3 Nc6 6. Bb5 Qc7 7. O-O Nf6 8. Re1
Be7 9. d3 O-O 10. e5 Nd5 11. Nxd5 exd5 12. d4 Nxd4 13. Nxd4 cxd4 14. Bd3 d6 15.
e6 Bxe6 16. f4 Bf6 17. g4 g6 18. f5 Bd7 19. Qf3 Rae8 20. Bh6 Bg7 21. Rxe8 Rxe8
22. Bxg7 Kxg7 23. Rf1 gxf5 24. gxf5 f6 25. Kh1 Kh8 26. Qf4 Bc6 27. Rg1 Rg8 28.
Rxg8+ Kxg8 29. Qg3+ Kf8 30. Qf4 Qe7 31. Kg2 Qe5 32. Qh4 Kg7 33. Qg4+ Kf8 34. Qh4
Kg7 1/2-1/2

[Event "Druzynowe Mistrzostwa Polski w Szachach I LIGA 2021"]
[Site "Szklarska Poreba"]
[Date "1899-12-30"]
[Round "2.68"]
[White "Zakrzewski, Marek"]
[Black "Gahan, M G"]
[Result "1-0"]
[WhiteTitle "FM"]
[BlackTitle "FM"]
[WhiteElo "2273"]
[BlackElo "2279"]

1. e4 c5 2. Nf3 d6 3. Bb5+ Nd7 4. a4 a6 5. Be2 Ngf6 6. Nc3 g6 7. a5 Bg7 8. O-O
O-O 9. d3 b5 10. axb6 Bb7 11. Nd2 Nxb6 12. f4 a5 13. Qe1 a4 14. Qh4 Nfd7 15. Ra3
e6 16. Qh3 f5 17. Nf3 Qe7 18. Re1 d5 19. exd5 exd5 20. Bd1 Bd4+ 21. Kf1 Qg7 22.
Nxd4 cxd4 23. Ne2 Rfe8 24. Qh4 Re6 25. Qf2 Rae8 26. Bd2 Qh6 27. h3 Nc5 28. Nxd4
Rxe1+ 29. Bxe1 Nbd7 30. Bd2 Ba6 31. Kg1 Qf8 32. Bf3 Qd6 33. Ra1 Nf6 34. g3 h5
35. Re1 Rb8 36. Bc3 Bxd3 37. cxd3 Nxd3 38. Qd2 Nxe1 39. Qxe1 Ne4 40. Bxe4 dxe4
41. Qa1 Qd7 42. Qa2+ Kh7 43. Qc4 Rc8 44. Qa6 Rc5 45. Kf2 Rc8 46. Ke1 Re8 47. h4
Re7 48. Nc6 Re6 49. Qa8 Re8 50. Qxa4 Rc8 51. Qd4 Qxd4 52. Nxd4 Kg8 53. Kd2 Kf7
54. b4 Ke7 55. Nc2 Ra8 56. Be5 Rd8+ 57. Nd4 Ra8 58. b5 Ra2+ 59. Kc3 Kd7 60. Nc2
Kc8 61. Bd4 Kb7 62. Kb3 Ra5 63. Na3 Ra8 64. Nc4 Kc7 65. Be5+ Kb7 66. Kb4 Rd8 67.
Na5+ Kb6 68. Nc4+ Kb7 69. Nd6+ Kb6 70. Bd4+ Kc7 71. Kc5 Rb8 72. Be5 Kd7 73. Nc4
Rc8+ 74. Kd5 Rg8 75. b6 Kc8 76. Kc6 1-0

[Event "Druzynowe Mistrzostwa Polski w Szachach I LIGA 2021"]
[Site "Szklarska Poreba"]
[Date "1899-12-30"]
[Round "2.69"]
[White "Skomial, Mateusz"]
[Black "Selbes, Tarik"]
[Result "0-1"]
[WhiteTitle "I++"]
[BlackTitle "FM"]
[WhiteElo "2062"]
[BlackElo "2260"]

1. e4 d6 2. d4 Nf6 3. Nc3 g6 4. Nf3 Bg7 5. Bg5 O-O 6. Qd2 d5 7. exd5 Nxd5 8. Be2
c5 9. Nxd5 Qxd5 10. Bh6 Nc6 11. Bxg7 Kxg7 12. c4 Qe4 13. d5 Ne5 14. O-O Nxf3+
15. Bxf3 Qxc4 16. Rac1 Qd4 17. Qe2 Bf5 18. Rfd1 Qf6 19. Rxc5 Rac8 20. b4 Bd7 21.
h3 b6 22. Rcc1 Rxc1 23. Rxc1 Rc8 24. Re1 Kf8 25. Qd2 g5 26. Qe2 Rc3 27. Be4 h6
28. Bb1 b5 29. Qe4 h5 30. Qh7 h4 31. Bg6 fxg6 32. d6 Be6 33. dxe7+ Ke8 34. Rd1
Rc8 35. Rd8+ Rxd8 36. exd8=R+ Kxd8 37. Qxa7 Qa1+ 38. Kh2 Qe5+ 39. Kg1 Qe1+ 40.
Kh2 Qxb4 41. Qb8+ Ke7 42. Qc7+ Ke8 43. Qb8+ Kf7 44. Qc7+ Qe7 45. Qe5 b4 46. Qa5
Kg7 47. f3 Bf7 48. Kh1 Qe1+ 49. Kh2 Qd2 50. Qe5+ Kg8 51. Qb8+ Kh7 52. Qb7 Qf4+
53. Kh1 Kh6 54. Qa8 Kg7 55. Qa5 Qd4 56. Kh2 Qb2 57. Qa7 Qe5+ 58. Kh1 Qa1+ 59.
Kh2 b3 0-1

[Event "Druzynowe Mistrzostwa Polski w Szachach I LIGA 2021"]
[Site "Szklarska Poreba"]
[Date "1899-12-30"]
[Round "2.70"]
[White "Hemmerling, Jaroslaw"]
[Black "Kulesza, Andrzej"]
[Result "1-0"]
[WhiteTitle "I++"]
[BlackTitle "I++"]
[WhiteElo "1935"]
[BlackElo "1983"]

1. e4 c5 2. Nf3 d6 3. d4 cxd4 4. Nxd4 Nf6 5. Nc3 a6 6. h3 e5 7. Nde2 b5 8. Ng3
Be7 9. a4 b4 10. Nd5 Nc6 11. Be3 Rb8 12. Bc4 O-O 13. O-O Nxd5 14. Bxd5 Qc7 15.
Qd3 Nd8 16. Rfd1 a5 17. Rac1 Be6 18. b3 Rc8 19. c3 bxc3 20. Ne2 Nb7 21. Nxc3 Nc5
22. Qb1 Qb8 23. Nb5 Rfd8 24. Bxc5 dxc5 25. Bxe6 fxe6 26. Qc2 Qb6 27. Qc3 Bg5 28.
Rb1 Bf6 29. Qc2 Be7 30. Qc3 Bf6 31. Qe3 Be7 32. Qe2 Bg5 33. Rxd8+ Rxd8 34. Rd1
Rxd1+ 35. Qxd1 Qd8 36. Qxd8+ Bxd8 37. Kf1 Kf8 38. Ke2 Ke7 39. Kd3 Kd7 40. Na3
Bc7 41. Kc4 Kc6 42. Nc2 Bd8 43. Ne1 Be7 44. Nd3 Bd6 45. h4 g6 46. Ne1 Be7 47.
Nf3 Bf6 48. g4 Kb6 49. g5 Bg7 50. Kd3 Ka6 51. Kc2 Kb7 52. Kd3 Kb6 53. Nd2 Kb7
54. Nc4 Ka6 55. Nd6 Kb6 56. Ne8 Bh8 57. Nd6 Bg7 58. Nf7 Kc7 59. Kc4 Kc6 60. Nd8+
1-0